Selected Papers

Gespeichert in:
Bibliographische Detailangaben
Format: Buch
Sprache:Englisch
Veröffentlicht: Kraków Akademia Ekon. 1988
Ausgabe:1. wyd.
Schriftenreihe:Zeszyty naukowe Nr 237
Tags: Tag hinzufügen
Keine Tags, Fügen Sie das erste Tag hinzu!

MARC

LEADER 00000nam a2200000 4500
001 c036413
005 20221219120545.7
041 0 |a eng 
044 |a PL 
245 1 0 |a Selected Papers 
250 |a 1. wyd. 
264 1 |a Kraków  |b Akademia Ekon.  |c 1988 
300 |a 272 s. 
490 1 |a Zeszyty naukowe  |v Nr 237 
830 0 |a Zeszyty naukowe  |v Nr 237